000 00648cam7a220021700 4500
001 zam00002410
008 951128s1969 xx eng u
035 _a(Sirsi) r19777
035 _a(MACHINE)SLC.
100 _aAnschel, K. T.
_6A80791.1
245 1 0 _aAgricultural cooperatives and markets in developing .......
260 _c1969.
949 _aHD1491.A3
_wlcc
_mMAIN
_p2500
_tSHORTLOAN
_lSHORTLOAN
004 19777
591 _aClass code: DS 330.
591 _aCourse: The agrarian crisis and the food problem.
591 _aSchool: S05.
591 _aLecturer: Mr. LIPALILA, M.
591 _aNumber of Students: 52.
909 _aBook
999 _c8335
_d8335